000 00429nam a2200181Ia 4500
005 20250423100653.0
008 250422s9999 xx 000 0 und d
020 _a9780596527563
050 _aQA 76.76.M52 .L533/
100 _aLiberty, Jesse.
245 0 _aProgramming .NET 3.5
260 _aSebastopol
260 _bO'Reilly
260 _c2008
300 _a455 p
650 _aMicrosoft .NET Framework.
942 _cBK
999 _c34006
_d34006